00389nam a2200133Ia 45000010005000000080041000050200022000460820041000681000030001092450053001392600021001929010027002139990015002402820241024s9999 xx 000 0 und d a978-9945-074-82-6 aRD/972.93053/AC185d/1940-1949/T2-V.4 aed. Acosta Matos, Eliades 0aLa Dictadura de Trujillo, Documentos (1940-1949) bEd. Búhoc2013 a4/4/2013 11:17:07 a.m. c7568d7568